01215nam a2200265Ia 450000100060000000300090000600800410001504000130005604000130006904100130008210000110009510000290010624500770013524500770021225000110028926000110030026000130031126000490032430000430037350004290041665000270084565000310087270000180090370000280092163340IT-RoPAU130308s9999 xx 000 0 und d aIT-RoPAU cIT-RoPAU aITALIANO aAA.VV. gCodice Aut. SPICS: 12000 aPatalogo (Il)-10-Annuario 1987 dello spettacolo-Cinema+televisione+video bPatalogo (Il)-10-Annuario 1987 Dello Spettacolo-Cinema+Televisione+Video a1a ed. aMILANO bUbulibri c1987 [1° Ed.:1987 - Ed.Ling.Originale:1987] a"282 p. (prefazione: no ; testo: 282)" aStagione 1986/1987 Schede dei Film Presentati in Italia nel Corso della Stagione Cinema speciale Africa spot Televisivi dell'anno Chi Ha ucciso carosello di Marco Giusti Nuova Pubblicità Leggera e Invadente di Enrico Ghezzitelevisione Stazione televisiva di Aldo Grasso Inizia Televisione del Mattino Riprende Portobello Berlusconi Compra tutto Volgarità televisiva Home video Film in videocassette videoclip Videomusica aENCICLOPEDIE DI TEATRO eCodice materia Spics: 8401 aQuadri Franco gCodice Aut. SPICS: 2273